Occupational Surname Click Quiz Stats

 Plays Quiz not verified by Sporcle

Challenge
Share
Tweet
Embed
Score 0/24 Timer 04:00
0 Plays Today
% Correct
Potter
96.2%
Jagger (Carter)
95.5%
Eisenhower (Iron hewer)
95.1%
Thatcher
95.1%
Graf (Count)
93.3%
Knight
90.2%
Driver (of oxen)
89.6%
Hawking (Falconer)
89%
Butler
87.7%
Fischer (Fisher)
86.5%
Voight (Farm manager)
85.3%
Rabin (Rabbi)
83.4%
% Correct
Miller
82.9%
Zappa (Agricultural worker)
82.8%
Cook
81.6%
Smith
73%
Weiner (Wheelwright)
67.5%
Queen
60.7%
Archer
58.3%
Ironside (Iron-clad warrior)
52.1%
Lerner (Learner)
46.6%
Niedermeyer (Low farmer)
35.6%
Usher
30.7%
Yeoman (Young worker)
17.2%

You're not logged in!

Compare scores with friends on all Sporcle quizzes.
OR
Log In

You Might Also Like...

Show Comments

Extras

Created Aug 6, 2015ReportNominate
Tags:Clickable Quiz, surname

Top Quizzes Today


Score Distribution

Your Account Isn't Verified!

In order to create a playlist on Sporcle, you need to verify the email address you used during registration. Go to your Sporcle Settings to finish the process.

Report this User

Report this user for behavior that violates our Community Guidelines.

Details: